LEADER 00674nam a2200181 i 4500 001 000000066665 003 CaOOAMICUS 005 20260409103903.0 008 990122n it u000 u ita u 040 $aSeMil$bita 245 10$a2: [M-Z]. 300 $aP. 1717-3523 :$bill. 773 0 $aDevoto, Giacomo <1897-1974>$tNuovo vocabolario illustrato della lingua italiana.$dMilano : Selezione dal Reader's Digest, 1987-1988.$z88-7045-081-3$gVol.2$w()3331 850 $aSeMil 852 $aSeMil$W1$xVenegono$y1$mSL1.A IV 2/2$j269918$B32818$CSeMilBibl$Z2$F32821 $8I 961 $aOmaggio: Donazione 996 $6245$a2: [M-Z]$9(OLS)http://semarc/title/106054